भारत के महान इंजीनियर: (Record no. 48624)
[ view plain ]
| 000 -LEADER | |
|---|---|
| fixed length control field | 00573nam a22001697a 4500 |
| 008 - FIXED-LENGTH DATA ELEMENTS--GENERAL INFORMATION | |
| fixed length control field | 230630b |||||||| |||| 00| 0 eng d |
| 040 ## - CATALOGING SOURCE | |
| Original cataloging agency | National Science Library |
| Transcribing agency | National Science Library |
| 080 ## - UNIVERSAL DECIMAL CLASSIFICATION NUMBER | |
| Universal Decimal Classification number | 929:62 |
| Item number | N5 |
| 100 ## - MAIN ENTRY--PERSONAL NAME | |
| Personal name | Juneja, Manohar |
| 245 ## - TITLE STATEMENT | |
| Title | भारत के महान इंजीनियर: |
| Remainder of title | डॉ। विश्वेश्वरैया |
| 246 ## - VARYING FORM OF TITLE | |
| Title proper/short title | Bhart ke mahan engineer: |
| Remainder of title | DR. Vishveshvraiy |
| 260 ## - PUBLICATION, DISTRIBUTION, ETC. | |
| Place of publication, distribution, etc. | New Delhi: |
| Name of publisher, distributor, etc. | Shiksha Bharti, |
| Date of publication, distribution, etc. | 1995 |
| 300 ## - PHYSICAL DESCRIPTION | |
| Extent | 34p. |
| 650 ## - SUBJECT ADDED ENTRY--TOPICAL TERM | |
| Topical term or geographic name entry element | Literature |
| 653 ## - INDEX TERM--UNCONTROLLED | |
| Uncontrolled term | Story |
| 942 ## - ADDED ENTRY ELEMENTS (KOHA) | |
| Source of classification or shelving scheme | Universal Decimal Classification |
| Koha item type | Hindi Books |
| Withdrawn status | Lost status | Source of classification or shelving scheme | Damaged status | Not for loan | Home library | Current library | Shelving location | Date acquired | Total Checkouts | Full call number | Barcode | Date last seen | Price effective from | Koha item type |
|---|---|---|---|---|---|---|---|---|---|---|---|---|---|---|
| Universal Decimal Classification | National Science Library | National Science Library | GF/REF/Rk-2/C-9/R-3 | 30/06/2023 | 929:62 N5 | 181172 | 30/06/2023 | 30/06/2023 | Hindi Books |